000 00282nam a2200121Ia 4500
005 20251222141908.0
008 251222s9999||||xx |||||||||||||| ||spa||
082 _a511/S11
100 _aSaal Riqueros, César
245 0 _aComplemento Matemático:
264 _bGómez
942 _cLIB
999 _c8277
_d8277